Manual teórico-práctico de los juicios de inventario y partición de herencias / (Record no. 166018)
[ view plain ]
| 000 -LEADER | |
|---|---|
| campo de control de longitud fija | 00858nam a22002175i 4500 |
| 001 - NÚMERO DE CONTROL | |
| campo de control | 166018 |
| 003 - IDENTIFICADOR DE NÚMERO DE CONTROL | |
| campo de control | ES-MaACL |
| 005 - FECHA Y HORA DE LA ÚLTIMA TRANSACCIÓN | |
| campo de control | 20251005063131.0 |
| 008 - DATOS DE LONGITUD FIJA--INFORMACIÓN GENERAL | |
| campo de control de longitud fija | 960328s1856 sp |||| | spa d |
| 040 ## - FUENTE DE CATALOGACIÓN | |
| Centro catalogador/agencia de origen | CYL |
| Lengua de catalogación | spa |
| Centro/agencia transcriptor | CYL |
| 100 1# - ENTRADA PRINCIPAL--NOMBRE DE PERSONA | |
| Nombre de persona | Tapia, Eugenio de, |
| Fechas asociadas al nombre | 1776-1860 |
| 9 (RLIN) | 162879 |
| 245 10 - MENCIÓN DEL TÍTULO | |
| Título | Manual teórico-práctico de los juicios de inventario y partición de herencias / |
| Mención de responsabilidad, etc. | por Eugenio de Tapia. |
| 250 ## - MENCION DE EDICION | |
| Mención de edición | 4ª ed. aum. y ref. con arreglo á las disposiciones de la nueva ley de enjuiciamiento civil. |
| 260 ## - PUBLICACIÓN, DISTRIBUCIÓN, ETC. | |
| Lugar de publicación, distribución, etc. | Madrid : |
| Nombre del editor, distribuidor, etc. | Se halla en la libreria de Perez, editor, |
| Fecha de publicación, distribución, etc. | 1856 ( |
| Fabricante | Imprenta de Cipriano Lopez) |
| 300 ## - DESCRIPCIÓN FÍSICA | |
| Extensión | 520 p. ; |
| Dimensiones | 16 cm. |
| 700 11 - ENTRADA AGREGADA--NOMBRE PERSONAL | |
| Nombre de persona | Perez, Libreria de. |
| 9 (RLIN) | 131019 |
| 700 11 - ENTRADA AGREGADA--NOMBRE PERSONAL | |
| Nombre de persona | Lopez, Cipriano. |
| 9 (RLIN) | 224302 |
| 752 ## - ENTRADA AGREGADA--NOMBRE JERÁRQUICO DEL LUGAR | |
| País o entidad superior | España - |
| Ciudad | Madrid |
| 852 ## - LOCALIZACIÓN | |
| Ubicación | ES-MaACL |
| Número de control de estantería | D-3865 |
| Nota libre | -- Enc. pasta española |
| Estatus retirado | Estado de pérdida | Estado de daño | No para préstamo | Colección | Biblioteca de origen | Biblioteca actual | Ubicación en estantería | Fecha de adquisición | Total de préstamos | Signatura topográfica completa | Código de barras | Visto por última vez | Precio de reemplazo | Tipo de ítem Koha |
|---|---|---|---|---|---|---|---|---|---|---|---|---|---|---|
| Libros del s. XIX | Biblioteca del Ateneo de Madrid | Biblioteca del Ateneo de Madrid | Sala Valle Inclán | 17/01/2008 | D-3865 | 901174108 | 23/02/2023 | 23/02/2023 | Libro impreso antiguo |
